| 000 | 01050nam0a22002171 4500 | ||
|---|---|---|---|
| 001 | rc\4073248 | ||
| 005 | 20250610234230.0 | ||
| 035 | _a(NLR Aleph) 007966116 | ||
| 090 |
_a8430255 _c8430255 |
||
| 100 | _a20130415a19479999|||y0rusy50 ca | ||
| 101 | 0 | _arus | |
| 102 | _aRU | ||
| 105 | _ay z ||||| | ||
| 200 | 1 |
_aМатериалы по обмену передовым опытом и научными достижениями в химико-фармацевтической промышленности _fМ-во здрав. СССР. Гл. упр. мед. пром. Всесоюз. науч.-исслед. химико-фармац. ин-т им. С. Орджоникидзе |
|
| 210 |
_aМосква _cБ. и. _d1947- |
||
| 801 | 0 |
_aRU _bNLR _gpsbo |
|
| 801 | 1 |
_aRU _bELAR _2rusmarc |
|
| 830 | _aПеречень имеющихся в библиотеке томов, номеров, годов этого издания смотри в каталоге периодических изданий | ||
| 852 |
_aNLR _jП16/569 |
||
| 942 | _cBOOK | ||
| 980 | _aNB | ||